Statistics for Countries whose capital isn't the largest city.

Click here to take the quiz!

General Stats

  • This quiz has been taken 7,082 times
  • The average score is 17 of 37

Answer Stats

Population of capitalAnswer% Correct
617,996United States
96%
2,562,963Brazil
91%
358,222Australia
90%
883,391Canada
89%
19,612,368China
89%
525,387 and 328,773 and 827,218South Africa
87%
249,998India
82%
393,400New Zealand
72%
4,338,620Turkey
71%
1,151,868Pakistan
66%
778,567Nigeria
65%
2,777,979Italy
62%
133,920Switzerland
59%
6,500,000Vietnam
59%
620,966Morocco
55%
225,000 and 877,363Bolivia
51%
896,751United Arab Emirates
48%
925,000Myanmar
41%
708,794Kazakhstan
37%
324,347Tanzania
37%
115,826Sri Lanka
34%
2,697,698Ecuador
33%
20,000Belize
28%
200,659Ivory Coast
26%
1,711,000Syria
25%
639,598Sudan
24%
391Palau
24%
1,100Nauru
23%
2.440,462Cameroon
21%
223.552Benin
21%
5,342Liechtenstein
20%
6,966Malta
20%
4,493San Marino
17%
1,652,171Philippines
16%
4,645Micronesia, Federate states of
15%
57,000Trinidad and Tobago
11%
95,000Swaziland
7%

Score Distribution

Percentile by Number Answered

Percent of People with Each Score

Your Score History

You have not taken this quiz